| 000 | 00422nam a2200181Ia 4500 | ||
|---|---|---|---|
| 008 | 210210b1948 xxu||||| |||| 00| 0 eng d | ||
| 041 | _aeng | ||
| 082 | _a425/230 | ||
| 100 | _aPARTRIDGE (Eric) | ||
| 245 | _aWords at war: words at peace | ||
| 260 |
_aLondon _bFrederick Muller Ltd. _c1948 |
||
| 650 | _aWords | ||
| 650 | _awar: | ||
| 650 | _apeace | ||
| 650 | _aat | ||
| 690 | _aEnglish Grammar | ||
| 906 | _a006006 | ||
| 999 |
_c128985 _d128985 |
||